| 000 | 01010cam a22003257a 4500 | ||
|---|---|---|---|
| 003 | CHAP | ||
| 005 | 20220329133508.0 | ||
| 008 | 971013s1990 r 00010 d | ||
| 010 | _a7048 | ||
| 011 | _a8020 | ||
| 035 | _a7245 | ||
| 040 | _cCHAP | ||
| 082 |
_a080 _bL6 v.12 |
||
| 100 | 0 | 0 |
_aHaring, C. H. _952732 |
| 245 | 1 | 3 | _aEl imperio español en América |
| 260 |
_aMéxico, D.F. : _bAlianza Editorial Mexicana, _c1990 |
||
| 300 | _a490 p. | ||
| 490 | 4 |
_aLos noventa _v; 12 |
|
| 500 | _a64-14 | ||
| 590 |
_aBATCH-UPD _b10 _c20130110 _lUCH01 _h1938 |
||
| 590 |
_aBATCH-UPD _b10 _c20130410 _lUCH01 _h1301 |
||
| 590 |
_aBATCH-UPD _b10 _c20130914 _lUCH01 _h1035 |
||
| 590 |
_aCONVERSION _b10 _c20130109 _lUCH01 _h1305 |
||
| 650 | 1 | 4 |
_aMéxico _xHistoria _xColonia. _976754 |
| 710 | 0 |
_aConsejo Nacional para la Cultura y las Artes. México. _927328 |
|
| 830 | 4 |
_aLos noventa _v; 12 _968574 |
|
| 901 | _aBK | ||
| 942 | _cLIBRO | ||
| 949 |
_a080 L6 v.12 _bBC _cLIBRO _d33724000660734 _eLIBRO _h82755 _i7245 _mDir _si _t25.00 |
||
| 999 |
_c7048 _d7048 |
||